| 000 | 00883nam a2200289Ia 4500 | ||
|---|---|---|---|
| 001 | dia_5143 | ||
| 003 | CHAP | ||
| 005 | 20231201113713.0 | ||
| 008 | 220117s1975 xx 000 0 und d | ||
| 010 | _a175984 | ||
| 020 | _a0-87055-186-8 | ||
| 040 | _cCHAP | ||
| 082 | _a664.85 C66 1975 | ||
| 245 |
_aCommercial vegetable processing / _c edición Bor Shiun Luh y Jasper Guy Woodroof |
||
| 260 |
_aEstados Unidos de América : _b AVI, _c1975 |
||
| 300 | _axi, 755 p. | ||
| 504 | _aIncluye bibliografías | ||
| 590 | _aTP443 C66 1975 | ||
| 650 |
_aHortalizas _xProcesamiento _9125090 |
||
| 650 |
_aVegetables _xProcessing _9154624 |
||
| 700 |
_aLuh, Bor Shiun, ed. _9154625 |
||
| 700 |
_aWoodroof, Jasper Guy, ed. _9154626 |
||
| 901 | _a664.85 C66 1975 | ||
| 902 | _aA | ||
| 905 | _a5232271975 -usaimn8222223322eng16 | ||
| 942 |
_cLIBRO _2ddc |
||
| 999 |
_c175984 _d175984 |
||